000 01047nam a22003617a 4500
001 BR7406581
003 BR-BrBNA
005 20230928084647.0
007 ta
008 230509b bl.||||| |||| 00| 0 por d
040 _aBR-BrBNA
_bpor
_cBiblioteca Nacional de Agricultura
041 _a(Por)
072 _aE10; L00; E70
_b8968
_b/G514
090 _ 8968 BR7406581
110 1 _aSecretaria da Industria e Comercio, Goiania, GO (Brasil)
_98553
245 1 _aSinopse do estudo de viabilidade tecnico-economico-financeira para a implantacao de unidades industriais de Curtume no Estado de Goias [mercado, Brasil]
260 3 _aGoiania, GO (Brasil):
_c1974.
300 _a18 p.
500 _a7 tables
650 _aABATE
650 _aGADO DE CORTE
650 _aCURTUME
650 _aINDUSTRIALIZACAO
650 _aPELE
650 _aMATERIA PRIMA
650 _aMERCADO
650 _aMAO-DE-OBRA
650 _aARTESANATO
650 _aEXPORTACAO
650 _aGOIAS
909 _a202309
_bLucia
_c55
_dLucia Elande
942 _cBK
999 _c20325
_d20325